| 000 | 01790cam a22005294i 4500 | ||
|---|---|---|---|
| 003 | PE-LiUPU | ||
| 005 | 20250731165517.0 | ||
| 008 | 190815s2012 inua r 001 0 eng d | ||
| 020 | _a0672335956 | ||
| 020 | _a9780672335952 | ||
| 035 | _a(Sirsi) a252486 | ||
| 040 |
_aPE-LiUPU _bspa _cPE-LiUPU _erda |
||
| 049 | _aPRUA | ||
| 082 | 0 | 4 |
_a006.76 _bO69 _223 |
| 100 | 1 |
_aOrnbo, George, _eautor. |
|
| 245 | 1 | 0 |
_aSams teach yourself Node.js in 24 hours / _cGeorge Ornbo. |
| 264 | 1 |
_aIndianapolis, Indiana : _bSams, _c[2012]. |
|
| 300 |
_axiii, 442 páginas : _bilustraciones ; _c23 centímetros. |
||
| 336 |
_atext _2rdacontent |
||
| 337 |
_aunmediated _2rdamedia |
||
| 338 |
_avolume _2rdacarrier |
||
| 490 | 0 | _aSams teach yourself | |
| 504 | _aÍndice: páginas 453-442. | ||
| 505 | 0 | _aGetting started -- Basic websites with Node.js -- Debugging, testing, and deploying -- Intermediate sites with Node.js -- Exploring the Node.js API -- Further Node.js development. | |
| 526 | _aSEG44 | ||
| 526 | _aSEG26 | ||
| 526 | _aP151 | ||
| 526 | _aP150 | ||
| 526 | _aP149 | ||
| 526 | _aP146 | ||
| 526 | _aP145 | ||
| 526 | _aP126 | ||
| 526 | _aP125 | ||
| 526 | _aP92 | ||
| 526 | _aP75 | ||
| 526 | _aP74 | ||
| 526 | _aP27 | ||
| 526 | _aP15 | ||
| 650 | 0 | 4 | _aJavaScript (lenguaje de programa de computadora). |
| 650 | 0 | 4 | _aProgramación en internet. |
| 910 |
_abgr _bncf _cncf _d20190815 |
||
| 942 |
_2ddc _cBOOK |
||
| 994 |
_aC0 _bPEPRU |
||
| 596 | _a1 | ||
| 999 |
_a006.76 O69 _wLC _c31713 _i80556 _d31713 _e2019-11-22 _f2022-4-11 _g3 _lCCODEBUL1 _mBUL _n1 _p29.69 _r1 _sY _tBOOK _u2019-8-15 _xINGENIERIA _PP27 _0DONACION _o.STAFF. Colección Ingeniería y Arquitectura |
||
| 980 |
_81 _gALBERTO SANCHEZ Responsable de Automatización |
||